Basında CHP köşe yazıları (1999-2009) (15 cilt) (Record no. 8502)

MARC details
000 -BAŞLIK
Sabit Uzunlukta Kontrol Alanı 01030na a2200313 4500
001 - KONTROL NUMARASI
Denetim Alanı 14943
003 - KONTROL NUMARASI IDENTIFIER
Denetim Alanı MIRAKIL
005 - SON İŞLEM TARİHİ VE ZAMANI
Denetim Alanı 20181213155215.0
008 - SABİT-BOY VERİ ELEMANLARI - GENEL BİLGİLER
Sabit Uzunlukta Kontrol Alanı 160930b tu 000 0
035 ## - SİSTEM KONTROL NUMARASI
Sistem Kontrol Numarası 14943
040 ## - KATALOGLAMA KAYNAK
Orijinal Kataloglama Ajansı Milas
Kataloglama Dili tur
Metne Dönüştürmek Ajansı TR-AnCHP
041 ## - DİL KODU
Metin / Ses Parça Veya Ayrı Başlığın Dil Kodu tur
082 ## - DEWEY ONLU SINIFLANDIRMA NUMARASI
Sınıflandırma Numarası CHP 324.2172 2000
Ürün Numarası B27 2009
090 ## - SINIFLAMA NUMARASI
Sınıflama Numarası CHP 324.2172 2000 B27 2009
245 ## - BAŞLIK TABLOSU
Başlık Basında CHP köşe yazıları (1999-2009) (15 cilt)
Başlığın Kalan 2000
Sorumluluk Tablosu, Vb derleyen Şahin Aybek
246 ## - UNVAN FORM VARYING
Başlık Doğru / Kısa Başlığı Basında CHP
246 ## - UNVAN FORM VARYING
Başlık Doğru / Kısa Başlığı CHP köşe yazıları
260 ## - YAYIN, DAĞITIM, VB
Yayın, Dağıtım, Vb Yeri Ankara
Yayıncı, Dağıtıcı, Vs Adı Maya Akademi
Yayın, Dağıtım, Vb Tarihi 2009
300 ## - FİZİKSEL TANIM
Kapsam 2 c.
Diğer Fiziksel Ayrıntıları res.
Boyutlar 29 sm.
500 ## - GENEL NOT
Genel Not 2000 yılında CHP'ye ilişkin çıkmış tüm köşe yazıları içerir.
610 ## - KONU KATMA GİRİŞ - TOPLANTI ADI
Genel Alt Bölüm Kamuoyu
Kronolojik Alt Bölüm Köşe yazıları
610 ## - KONU KATMA GİRİŞ - TOPLANTI ADI
Giriş Elemanı Olarak Kurumsal Ad Veya Yargı Alanı Adı CHP
Genel Alt Bölüm Tarih
Kronolojik Alt Bölüm Basın
610 ## - KONU KATMA GİRİŞ - TOPLANTI ADI
Giriş Elemanı Olarak Kurumsal Ad Veya Yargı Alanı Adı CHP
Genel Alt Bölüm Siyaset ve yönetim
Kronolojik Alt Bölüm Köşe yazıları
610 ## - KONU KATMA GİRİŞ - TOPLANTI ADI
Giriş Elemanı Olarak Kurumsal Ad Veya Yargı Alanı Adı CHP
Genel Alt Bölüm Basın
Kronolojik Alt Bölüm 1999-2009
650 ## - KONU KATMA GİRİŞ - TOPİKAL DÖNEM
Topikal Süreli Veya Coğrafi Ad Giriş Elemanı Basın ve siyaset
Coğrafi Alt Bölümü Türkiye
650 ## - KONU KATMA GİRİŞ - TOPİKAL DÖNEM
Topikal Süreli Veya Coğrafi Ad Giriş Elemanı Siyasal partiler
Aktif Tarihleri 1999-2009
Genel Alt Bölümü Basın
Kronolojik Alt Bölümü Köşe yazıları
Coğrafi Alt Bölümü Türkiye
700 ## - KATMA GİRİŞ - KİŞİSEL İSİM
Kişisel Ad Aybek, Şahin
942 ## - EKLENDİ GİRİŞ ELEMANLARI (KOHA)
Sınıflandırma Veya Raf Düzeni Kaynak
Koha Öğesi Türü Books
999 ## - SİSTEM KONTROL NUMARALARI (KOHA)
Koha Biblionumber 8502
Koha Biblioitemnumber 8502
Holdings
Kalıcı Konum Mevcut Konum Edinme Tarihi Edinim Kaynak Toplam Check-Out'Lar Tam Çağrı Numarası Barkod Tarih Son Görülme İtibaren Geçerli Fiyatlar Koha Öğesi Türü Kopya Sayısı Seri Numaralandırma / Kronolojik
CHP Kütüphanesi CHP Kütüphanesi 09/02/2016 Bağış   CHP 324.2172 2000 B27 2009 004527 09/02/2016 09/02/2016 Books    
CHP Kütüphanesi CHP Kütüphanesi 09/02/2016 Bağış   CHP 324.2172 2000 B27 2009 004528 09/02/2016 09/02/2016 Books k.2  
CHP Kütüphanesi CHP Kütüphanesi 09/02/2016 Bağış   CHP 324.2172 2000 B27 2009 004529 09/02/2016 09/02/2016 Books k.3  
CHP Kütüphanesi CHP Kütüphanesi 09/02/2016 Bağış   CHP 324.2172 2000 B27 2009 004530 09/02/2016 09/02/2016 Books k.4  
CHP Kütüphanesi CHP Kütüphanesi 09/02/2016 Bağış   CHP 324.2172 2000 B27 2009 004531 09/02/2016 09/02/2016 Books k.5  
CHP Kütüphanesi CHP Kütüphanesi 09/02/2016 Bağış   CHP 324.2172 2000 B27 2009 004532 09/02/2016 09/02/2016 Books k.6  
CHP Kütüphanesi CHP Kütüphanesi 09/02/2016 Bağış   CHP 324.2172 2000 B27 2009 004533 09/02/2016 09/02/2016 Books k.7  
CHP Kütüphanesi CHP Kütüphanesi 09/02/2016 Bağış   CHP 324.2172 2000 B27 2009 004534 09/02/2016 09/02/2016 Books k.8  
CHP Kütüphanesi CHP Kütüphanesi 09/02/2016 Bağış   CHP 324.2172 2000 B27 2009 004535 09/02/2016 09/02/2016 Books    
CHP Kütüphanesi CHP Kütüphanesi 09/02/2016 Bağış   CHP 324.2172 2000 B27 2009 004536 09/02/2016 09/02/2016 Books k.2 c.2
CHP Kütüphanesi CHP Kütüphanesi 09/02/2016 Bağış   CHP 324.2172 2000 B27 2009 004537 09/02/2016 09/02/2016 Books k.3 c.2
CHP Kütüphanesi CHP Kütüphanesi 09/02/2016 Bağış   CHP 324.2172 2000 B27 2009 004538 09/02/2016 09/02/2016 Books k.4 c.2
CHP Kütüphanesi CHP Kütüphanesi 09/02/2016 Bağış   CHP 324.2172 2000 B27 2009 004539 09/02/2016 09/02/2016 Books k.5 c.2